000 00820nam a2200265Ia 4500
003 OSt
005 20220930094156.0
006 a|||||r|||| 00| 0
007 ta
008 220926b |||||||| |||| 00| 0 eng d
024 _a67036
037 _cTheses
040 _aCRL
_cCRL
_beng
041 _2eng
_aeng
100 _aTarannum Shaheen Au.
_9554645
110 _aUniversity of Delhi. Faculty of Arts. Department of Urdu
245 0 _aRajinder Singh Bedi ke dramon mein taanisi fikr wo phan Shaheen Tarannum
260 _c2018
300 _a257p.
_ap.
_ccm.
650 _aUrdu Literature
700 _a Alam Mohd. Naushad Gu.
_9554646
700 _aUniversity of Delhi. Faculty of Arts. Department of Urdu
942 _cDIS
_2CC
999 _c886684
_d886684